| 000 | 00528nam a2200205Ia 4500 | ||
|---|---|---|---|
| 005 | 20240422135656.0 | ||
| 008 | 131103s9999 xx 000 0 und d | ||
| 040 | _aLoreto College | ||
| 041 | _aEnglish | ||
| 082 |
_a370.954 _bKEA |
||
| 100 | _aKeay, F.E. | ||
| 245 |
_aIndian Education in Ancient and Later Times _cF.E.Keay |
||
| 260 |
_aLondon _bGeoffrey cumberlege _c1956 |
||
| 300 | _aix,197p. | ||
| 504 | _aIncludes index | ||
| 650 | _aEducation | ||
| 651 | _aEducation - India | ||
| 850 | _aLCBED | ||
| 942 | _cBK | ||
| 999 |
_c25798 _d76277 |
||